Loading...
| Mythology | 0 | 9 | 1 | 1 | 85 | 33 | 60.89 | 1 | 8 | 0.00 | 0.00 |
| Philosophy | 0 | 5 | 0 | 0 | 50 | 71 | 98.80 | 0 | 3 | 0.00 | 0.00 |
| Literature - European | 0 | 2 | 0 | 1 | 20 | 63 | 105.50 | 0 | 0 | 0.00 | 0.00 |
| Literature - World/Other | 0 | 2 | 0 | 0 | 20 | 100 | 108.00 | 0 | 1 | 0.00 | 0.00 |
| History - Other | 0 | 2 | 0 | 1 | 20 | 51 | 76.50 | 0 | 1 | 0.00 | 0.00 |
| History - American | 0 | 2 | 1 | 0 | 15 | 60 | 65.50 | 1 | 2 | 0.00 | 0.00 |
| Fine Arts - Other | 0 | 1 | 0 | 1 | 10 | 126 | 126.00 | 0 | 0 | 0.00 | 0.00 |
| History - European | 0 | 1 | 0 | 1 | 10 | 140 | 140.00 | 0 | 0 | 0.00 | 0.00 |
| Literature - American | 0 | 1 | 0 | 0 | 10 | 90 | 90.00 | 0 | 1 | 0.00 | 0.00 |
| Literature - British | 0 | 1 | 0 | 0 | 10 | 47 | 47.00 | 0 | 1 | 0.00 | 0.00 |
| Science - Biology | 0 | 1 | 0 | 0 | 10 | 89 | 89.00 | 0 | 1 | 0.00 | 0.00 |
| Social Science | 0 | 1 | 1 | 0 | 5 | 70 | 70.00 | 1 | 1 | 0.00 | 0.00 |
| Geography/Current Events | 0 | 0 | 0 | 0 | 0 | 0.00 | 0 | 0 | 0.00 | 0.00 | |
| History - World | 0 | 0 | 1 | 0 | -5 | 0.00 | 0 | 0 | 0.00 | 0.00 |